Poblaciones de Galicia por foto | Poboacións de Galicia por foto - Estadísticas

Estadísticas generales
  • Esta prueba ha sido intentada 336 veces
  • La puntuación promedio es 6 de 16
Estadísticas de respuestas
Imagen Respuesta % Correcto
Santiago de Compostela
82%
Fisterra
77%
Ribadeo
64%
Sanxenxo
62%
Catoira
60%
Mondoñedo
52%
Vigo
48%
Monforte de Lemos
31%
Mondariz-Balneario
30%
Cambados
26%
Lugo
24%
Allariz
19%
Carnota
19%
Bande
16%
Padrón
15%
Chantada
10%
No se encontraron pruebas coincidentes
Distribución de puntuación
Porcentaje de gente con cada puntuación
Porcentaje por número respondido
Historial de tus puntuaciones
No has intentado esta prueba.